[Event "FIN-chT1A 1819"]
[Site "Finland"]
[Date "2019.02.09"]
[Round "6.2"]
[White "Kangas, Lauri"]
[Black "Sorri, Juhani"]
[Result "1-0"]
[WhiteElo "2011"]
[BlackElo "2207"]
[PlyCount "63"]
[EventDate "2018.09.15"]
[EventType "team-tourn"]
[EventRounds "7"]
[EventCountry "FIN"]
[SourceTitle "EXT 2020"]
[Source "ChessBase"]
[SourceDate "2019.10.17"]
[SourceVersion "1"]
[SourceVersionDate "2019.10.17"]
[SourceQuality "1"]
[WhiteTeam "Helsinki Passi"]
[BlackTeam "Helsinki HSK"]
[WhiteTeamCountry "FIN"]
[BlackTeamCountry "FIN"]

1. d4 Nf6 2. c4 g6 3. Nc3 Bg7 4. e4 d6 5. Bd3 0-0 6. Nge2 e5 7. d5 c5 8. 0-0 Na6 9. a3 Nc7 10. b4 a6 11. bxc5 dxc5 12. f3 Nfe8 13. Na4 b5 14. cxb5 c4 15. Bc2 axb5 16. Nb6 Rb8 17. Be3 Ba6 18. Qd2 Nd6 19. Rfb1 f5 20. a4 fxe4 21. fxe4 Qe7 22. Qb4 Rf7 23. axb5 Bxb5 24. Nc3 Bf8 25. Ra7 Qd8 26. Qa5 Be8 27. Qa2 Ncb5 28. Nxb5 Nxb5 29. Rxf7 Rxb6 30. Rf2 Nc3 31. Bxb6 Qc8 32. Rxf8+ 1-0

[Event "FIN-chT1A 1819"]
[Site "Finland"]
[Date "2018.09.16"]
[Round "2.2"]
[White "Kinnunen, Kari"]
[Black "Kangas, Lauri"]
[Result "1-0"]
[WhiteElo "2139"]
[BlackElo "2011"]
[PlyCount "67"]
[EventDate "2018.09.15"]
[EventType "team-tourn"]
[EventRounds "7"]
[EventCountry "FIN"]
[SourceTitle "EXT 2020"]
[Source "ChessBase"]
[SourceDate "2019.10.17"]
[SourceVersion "1"]
[SourceVersionDate "2019.10.17"]
[SourceQuality "1"]
[WhiteTeam "Vaasa VSS"]
[BlackTeam "Helsinki Passi"]
[WhiteTeamCountry "FIN"]
[BlackTeamCountry "FIN"]

1. d4 Nf6 2. Nf3 e6 3. c4 b6 4. g3 Bb7 5. Bg2 Be7 6. 0-0 0-0 7. Nc3 Ne4 8. Qc2 Nxc3 9. Qxc3 c5 10. dxc5 bxc5 11. Bf4 d6 12. Rfd1 Qc7 13. Bg5 Rd8 14. Bxe7 Qxe7 15. Rd2 Nd7 16. Rad1 Nf6 17. Qa5 Rd7 18. Ne5 Bxg2 19. Nxd7 Ne4 20. Kxg2 Nxd2 21. Qxd2 Qxd7 22. Qxd6 Qxd6 23. Rxd6 Kf8 24. Kf3 a5 25. Rc6 Rb8 26. Rxc5 Rxb2 27. Rxa5 Rc2 28. c5 g6 29. a4 h5 30. h4 e5 31. Rb5 Rc3+ 32. Ke4 Rc4+ 33. Kxe5 Rxa4 34. c6 1-0

[Event "FIN-chT2 Gp1 1718"]
[Site "Finland"]
[Date "2018.03.10"]
[Round "7.2"]
[White "Khanov, Pavel"]
[Black "Kangas, Lauri"]
[Result "0-1"]
[WhiteElo "1875"]
[BlackElo "2006"]
[PlyCount "124"]
[EventDate "2017.09.16"]
[EventType "team-tourn"]
[EventRounds "7"]
[EventCountry "FIN"]
[SourceTitle "EXT 2020"]
[Source "ChessBase"]
[SourceDate "2019.10.17"]
[SourceVersion "1"]
[SourceVersionDate "2019.10.17"]
[SourceQuality "1"]
[WhiteTeam "Helsinki HSK III"]
[BlackTeam "Helsinki Passi"]
[WhiteTeamCountry "FIN"]
[BlackTeamCountry "FIN"]

1. d4 d5 2. c4 e6 3. Nf3 Nf6 4. g3 Be7 5. Bg2 0-0 6. 0-0 b6 7. Nc3 Bb7 8. Ne5 h6 9. Bf4 c5 10. cxd5 exd5 11. Rc1 Nbd7 12. Nxd7 Qxd7 13. dxc5 Bxc5 14. Be5 Qf5 15. Bd4 Rac8 16. Nb5 a6 17. Bxc5 Rxc5 18. Nd6 Qd7 19. Nxb7 Rxc1 20. Qxc1 Qxb7 21. Qd2 Rc8 22. Rc1 Rc6 23. h3 Qc7 24. Rxc6 Qxc6 25. Qd4 a5 26. Bf3 Qc1+ 27. Kg2 Qc6 28. h4 Kf8 29. Qe5 Kg8 30. g4 Qe6 31. Qb8+ Kh7 32. Qf4 Kg8 33. e3 Kh7 34. g5 hxg5 35. hxg5 Ne4 36. Bg4 Qe7 37. Bf5+ g6 38. Bxe4 dxe4 39. Kg3 Kg7 40. Kh4 Qe6 41. a3 Qe7 42. Kg3 Qe6 43. Kg2 Qf5 44. Kf1 Qb5+ 45. Ke1 Qxb2 46. Qxe4 b5 47. Qd3 b4 48. axb4 Qxb4+ 49. Kd1 a4 50. Kc2 Kh7 51. Qc3 Qb5 52. f4 Kg8 53. Qc8+ Kg7 54. Qc3+ Kg8 55. Kc1 Kf8 56. Qa3+ Ke8 57. Kd2 Kd7 58. e4 Qc4 59. Ke3 Kc6 60. f5 Qc5+ 61. Qxc5+ Kxc5 62. e5 gxf5 0-1

[Event "Regensburg Donau Cup"]
[Site "Regensburg"]
[Date "2017.05.24"]
[Round "1"]
[White "Klausmann, Leonard"]
[Black "Kangas, Lauri"]
[Result "1/2-1/2"]
[WhiteElo "1696"]
[BlackElo "1999"]
[PlyCount "79"]
[EventDate "2017.05.24"]
[EventType "swiss"]
[EventRounds "7"]
[EventCountry "GER"]
[SourceTitle "CBM 178 Extra"]
[Source "ChessBase"]
[SourceDate "2017.06.22"]
[SourceVersion "1"]
[SourceVersionDate "2017.06.22"]
[SourceQuality "1"]

1. e4 e6 2. d4 d5 3. exd5 exd5 4. Bd3 c5 5. c3 Nc6 6. Na3 cxd4 7. Qe2+ Be6 8. Nb5 dxc3 9. Nxc3 Bb4 10. Bd2 Nf6 11. Nf3 0-0 12. 0-0 h6 13. h3 Re8 14. Qd1 a6 15. Ne2 Bxd2 16. Nxd2 Qd7 17. Nb3 Bxh3 18. gxh3 Qxh3 19. Nf4 Qh4 20. Ng2 Qg5 21. f4 Qg3 22. Qf3 Qxf3 23. Rxf3 Nb4 24. Bf1 Rac8 25. a3 Nc6 26. Rd1 Ne7 27. Nd4 Rc7 28. Bd3 g6 29. Ne3 Rec8 30. Rff1 Ne4 31. Bxe4 dxe4 32. f5 Rc5 33. fxg6 Rg5+ 34. Kf2 fxg6 35. Ne6 Rb5 36. Rd2 Nf5 37. Nxf5 Rxf5+ 38. Ke2 Rxf1 39. Kxf1 Rc6 40. Nd8 1/2-1/2

[Event "Jyvaskyla Winter Weekend A"]
[Site "Jyvaskyla"]
[Date "2017.01.29"]
[Round "5"]
[White "Aberg, Tomi"]
[Black "Kangas, Lauri"]
[Result "1-0"]
[WhiteElo "2094"]
[BlackElo "2004"]
[PlyCount "65"]
[EventDate "2017.01.27"]
[EventType "swiss"]
[EventRounds "5"]
[EventCountry "FIN"]
[SourceTitle "EXT 2022"]
[Source "ChessBase"]
[SourceDate "2021.10.06"]
[SourceVersion "1"]
[SourceVersionDate "2021.10.06"]
[SourceQuality "1"]

1. d4 Nf6 2. c4 e6 3. Nf3 d5 4. cxd5 exd5 5. Nc3 c6 6. Qc2 Nbd7 7. Bg5 Be7 8. e3 Nf8 9. Bd3 g6 10. 0-0 Ne6 11. Bh4 0-0 12. Rab1 Ng7 13. b4 a6 14. a4 Bf5 15. b5 axb5 16. axb5 Bxd3 17. Qxd3 Nf5 18. Bxf6 Bxf6 19. bxc6 bxc6 20. Rfc1 Ra3 21. Qc2 Qa8 22. Rb6 Bd8 23. Rb3 Ra6 24. Ne5 Bc7 25. Nd7 Rc8 26. Qb1 Kg7 27. Nb6 Bxb6 28. Rxb6 Nd6 29. Rxa6 Qxa6 30. Qb4 Qd3 31. Qxd6 Qd2 32. Qa3 Ra8 33. Nb1 1-0

[Event "FIN-chT2 Gp2 1617"]
[Site "Finland"]
[Date "2016.09.17"]
[Round "1.2"]
[White "Kangas, Lauri"]
[Black "Eriksson, Tom"]
[Result "0-1"]
[WhiteElo "2022"]
[BlackElo "1983"]
[PlyCount "94"]
[EventDate "2016.09.17"]
[EventType "team-tourn"]
[EventRounds "7"]
[EventCountry "FIN"]
[SourceTitle "EXT 2019"]
[Source "ChessBase"]
[SourceDate "2018.10.10"]
[SourceVersion "1"]
[SourceVersionDate "2018.10.10"]
[SourceQuality "1"]
[WhiteTeam "Helsinki Passi"]
[BlackTeam "Turku AS"]
[WhiteTeamCountry "FIN"]
[BlackTeamCountry "FIN"]

1. d4 d5 2. c4 c6 3. cxd5 Qxd5 4. Nc3 Qd8 5. Bf4 Nf6 6. e3 g6 7. Nf3 Bg7 8. h3 0-0 9. Bd3 Nbd7 10. 0-0 Nb6 11. Rc1 h6 12. a3 Be6 13. Na4 Nxa4 14. Qxa4 Qb6 15. b4 a5 16. b5 cxb5 17. Qxb5 Qxb5 18. Bxb5 Rac8 19. Bc7 Ra8 20. Bb6 Nd5 21. Bc7 Rfc8 22. Be5 Rxc1 23. Rxc1 Rc8 24. Rxc8+ Bxc8 25. Bxg7 Kxg7 26. Kf1 Nc3 27. a4 Be6 28. Ne5 Nxb5 29. axb5 f6 30. Nf3 Bc4+ 31. Ke1 Bxb5 32. h4 Bc6 33. Nd2 Bxg2 34. Nc4 a4 35. Na3 Bc6 36. Kd2 b5 37. Kc3 Kf7 38. Kb4 Ke6 39. Kc5 Be8 40. e4 f5 41. f3 fxe4 42. fxe4 g5 43. hxg5 hxg5 44. Nc2 g4 45. Ne3 a3 46. d5+ Kf7 47. Kd4 a2 0-1

[Event "Heart of Finland op 26th"]
[Site "Jyvaskyla"]
[Date "2016.07.21"]
[Round "5"]
[White "Nivala, Tuomas"]
[Black "Kangas, Lauri"]
[Result "1-0"]
[WhiteElo "2244"]
[BlackElo "2029"]
[PlyCount "69"]
[EventDate "2016.07.18"]
[EventType "swiss"]
[EventRounds "9"]
[EventCountry "FIN"]
[SourceTitle "CBM 173 Extra"]
[Source "ChessBase"]
[SourceDate "2016.08.29"]
[SourceVersion "1"]
[SourceVersionDate "2016.08.29"]
[SourceQuality "1"]

1. e4 e6 2. Nf3 d5 3. Nc3 Nf6 4. e5 Nfd7 5. d4 c5 6. Bg5 Qa5 7. dxc5 Bxc5 8. a3 Qc7 9. Nb5 Qb6 10. Qd2 a6 11. Nc3 Qc7 12. 0-0-0 Nc6 13. Bf4 b5 14. Nxd5 exd5 15. e6 Nde5 16. exf7+ Ke7 17. Nxe5 Nxe5 18. Bxe5 Qxe5 19. Re1 Qxe1+ 20. Qxe1+ Kxf7 21. Qc3 Be7 22. Qf3+ Ke6 23. Bd3 Bf6 24. Bf5+ Kd6 25. Rd1 Bb7 26. Be4 Rhf8 27. Qd3 Rad8 28. Bxd5 Bg5+ 29. Kb1 Bxd5 30. Qxd5+ Kc7 31. Qe5+ Kc8 32. Qe6+ Kb7 33. Rd7+ Rxd7 34. Qxd7+ Ka8 35. Qd5+ 1-0

[Event "Helsinki We HSL kesaturnaus A"]
[Site "Helsinki"]
[Date "2016.07.02"]
[Round "3"]
[White "Kangas, Lauri"]
[Black "Syvalahti, Timo"]
[Result "0-1"]
[WhiteElo "2029"]
[BlackElo "2139"]
[PlyCount "54"]
[EventDate "2016.07.01"]
[EventType "swiss"]
[EventRounds "5"]
[EventCountry "FIN"]
[SourceTitle "EXT 2022"]
[Source "ChessBase"]
[SourceDate "2021.10.06"]
[SourceVersion "1"]
[SourceVersionDate "2021.10.06"]
[SourceQuality "1"]

1. e4 e6 2. d4 d5 3. Nd2 c5 4. c3 Nc6 5. Ne2 cxd4 6. cxd4 dxe4 7. Nxe4 Bb4+ 8. Bd2 Bxd2+ 9. Qxd2 Nf6 10. N4c3 0-0 11. g3 b6 12. Bg2 Bb7 13. 0-0 Qe7 14. Rad1 Nb4 15. Qe3 Bxg2 16. Kxg2 Rfd8 17. Rfe1 Nc2 18. Qf3 Nxe1+ 19. Rxe1 Rac8 20. h4 Qd7 21. Nf4 Qxd4 22. h5 h6 23. Rd1 Qb4 24. Qb7 Qxb2 25. Ne4 Nxe4 26. Rxd8+ Rxd8 27. Qxe4 Qxa2 0-1

[Event "Jyvaskyla We JyS"]
[Site "Jyvaskyla"]
[Date "2014.01.25"]
[Round "2"]
[White "Laihonen, Petteri"]
[Black "Kangas, Lauri"]
[Result "1-0"]
[WhiteElo "2254"]
[BlackElo "2051"]
[PlyCount "77"]
[EventDate "2014.01.24"]
[EventType "swiss"]
[EventRounds "5"]
[EventCountry "FIN"]
[SourceTitle "EXT 2022"]
[Source "ChessBase"]
[SourceDate "2021.10.06"]
[SourceVersion "1"]
[SourceVersionDate "2021.10.06"]
[SourceQuality "1"]

1. Nf3 d5 2. c4 e6 3. d4 Nf6 4. Nc3 Nbd7 5. Bg5 c6 6. e3 Qa5 7. cxd5 exd5 8. Nd2 Bd6 9. Bd3 0-0 10. Qc2 Re8 11. Bh4 a6 12. 0-0 Qc7 13. Nf3 g6 14. Rac1 Qd8 15. Rfe1 Be7 16. Bg3 Nf8 17. h3 Ne6 18. a3 Ng7 19. Qb3 Bd6 20. Bh4 Be7 21. Bg3 Bd6 22. Be5 Rb8 23. Bxf6 Qxf6 24. e4 Bf4 25. Rcd1 dxe4 26. Nxe4 Qd8 27. Bc4 Be6 28. d5 cxd5 29. Bxd5 Qe7 30. g3 Bxd5 31. Rxd5 Bh6 32. Qc3 Qxe4 33. Rxe4 Rxe4 34. Qc7 Rf8 35. Qxb7 Re2 36. Kf1 Rc2 37. Qb3 Rfc8 38. Rd8+ Ne8 39. Rxe8+ 1-0

[Event "Helsinki We KapSK A"]
[Site "Helsinki"]
[Date "2014.??.??"]
[Round "4"]
[White "Kangas, Lauri"]
[Black "Syvalahti, Heikki"]
[Result "0-1"]
[WhiteElo "2055"]
[BlackElo "2110"]
[PlyCount "92"]
[EventDate "2014.??.??"]
[EventType "swiss"]
[EventRounds "5"]
[EventCountry "FIN"]
[SourceTitle "EXT 2022"]
[Source "ChessBase"]
[SourceDate "2021.10.06"]
[SourceVersion "1"]
[SourceVersionDate "2021.10.06"]
[SourceQuality "1"]

1. d4 Nf6 2. c4 g6 3. Nc3 d5 4. cxd5 Nxd5 5. e4 Nxc3 6. bxc3 Bg7 7. Bc4 c5 8. Ne2 cxd4 9. cxd4 Nc6 10. Be3 0-0 11. 0-0 Bg4 12. f3 Na5 13. Bd3 Be6 14. d5 Bxa1 15. Qxa1 f6 16. Bh6 Bd7 17. Bxf8 Qb6+ 18. Qd4 Qxd4+ 19. Nxd4 Kxf8 20. Rc1 Rc8 21. Rxc8+ Bxc8 22. Kf2 Ke8 23. Ke3 Kd8 24. h4 a6 25. Nb3 Nxb3 26. axb3 Kc7 27. Kd4 Kb6 28. f4 Bg4 29. e5 fxe5+ 30. fxe5 Bd1 31. b4 Kc7 32. g3 Bg4 33. Ke3 Bf5 34. Bxf5 gxf5 35. Kf4 b6 36. Kxf5 a5 37. bxa5 bxa5 38. Ke6 Kd8 39. Kf7 Kd7 40. g4 a4 41. g5 a3 42. h5 a2 43. g6 hxg6 44. hxg6 a1Q 45. g7 Qxe5 46. Kf8 Qf5+ 0-1

[Event "FIN-ch op"]
[Site "Naantali"]
[Date "2013.07.06"]
[Round "8.2"]
[White "Niemi, Kalle"]
[Black "Kangas, Lauri"]
[Result "0-1"]
[WhiteElo "2326"]
[BlackElo "2004"]
[PlyCount "78"]
[EventDate "2013.07.01"]
[EventType "swiss"]
[EventRounds "9"]
[EventCountry "FIN"]
[SourceTitle "EXT 2022"]
[Source "ChessBase"]
[SourceDate "2021.10.06"]
[SourceVersion "1"]
[SourceVersionDate "2021.10.06"]
[SourceQuality "1"]

1. e4 e6 2. d4 d5 3. Nc3 Nf6 4. Bg5 Bb4 5. e5 h6 6. Bd2 Bxc3 7. bxc3 Ne4 8. Qg4 Kf8 9. Bd3 Nxd2 10. Kxd2 c5 11. h4 c4 12. Bf1 Nc6 13. Rh3 b5 14. a3 a5 15. Ne2 Bd7 16. Nf4 Ne7 17. Rb1 Rb8 18. Nh5 Nf5 19. Qf4 Be8 20. Be2 Qe7 21. Ng3 Nxg3 22. Rxg3 Qxa3 23. Bh5 Qe7 24. Qg4 Rh7 25. f4 g6 26. Rf1 Bd7 27. Bxg6 fxg6 28. h5 Ke8 29. hxg6 Rg7 30. Rh3 Kd8 31. Rxh6 Kc7 32. Rfh1 Rbg8 33. Rh7 b4 34. Qf3 Qf8 35. f5 Qxf5 36. Qxf5 exf5 37. e6 Bxe6 38. Rxg7+ Rxg7 39. Rh7 Rd7 0-1

[Event "FIN-ch op"]
[Site "Naantali"]
[Date "2013.07.05"]
[Round "7"]
[White "Riihimaki, Pekka"]
[Black "Kangas, Lauri"]
[Result "0-1"]
[WhiteElo "1963"]
[BlackElo "2004"]
[PlyCount "74"]
[EventDate "2013.07.01"]
[EventType "swiss"]
[EventRounds "9"]
[EventCountry "FIN"]
[SourceTitle "EXT 2014"]
[Source "ChessBase"]
[SourceDate "2013.11.20"]
[SourceVersion "1"]
[SourceVersionDate "2013.11.20"]
[SourceQuality "1"]

1. e4 e6 2. d4 d5 3. Nc3 Nf6 4. exd5 exd5 5. Bd3 c5 6. dxc5 Bxc5 7. Nf3 0-0 8. 0-0 h6 9. h3 g6 10. Bf4 Nc6 11. a3 b5 12. Qd2 Re8 13. Rfe1 Be6 14. Re2 Bd6 15. Rae1 Rc8 16. Nb1 Bxf4 17. Qxf4 Nh5 18. Qh2 Qf6 19. Nc3 Red8 20. Ne5 Nf4 21. Re3 d4 22. Rf3 g5 23. Nxc6 Rxc6 24. Ne4 Qe5 25. Kf1 Qc7 26. Qg3 Nxd3 27. Qxc7 Rxc7 28. Nf6+ Kh8 29. cxd3 Rc2 30. b4 Rdc8 31. g4 Rc1 32. Nh5 Rxe1+ 33. Kxe1 Rc3 34. Ke2 Rxa3 35. Rf6 Kh7 36. f4 Ra2+ 37. Kf3 Bd5+ 0-1

[Event "FIN-ch op"]
[Site "Naantali"]
[Date "2013.07.03"]
[Round "4"]
[White "Kangas, Lauri"]
[Black "Jarvela, Jari"]
[Result "1-0"]
[WhiteElo "2004"]
[BlackElo "2188"]
[PlyCount "67"]
[EventDate "2013.07.01"]
[EventType "swiss"]
[EventRounds "9"]
[EventCountry "FIN"]
[SourceTitle "EXT 2014"]
[Source "ChessBase"]
[SourceDate "2013.11.20"]
[SourceVersion "1"]
[SourceVersionDate "2013.11.20"]
[SourceQuality "1"]

1. e4 Nf6 2. e5 Nd5 3. d4 d6 4. c4 Nb6 5. exd6 cxd6 6. Nc3 g6 7. Be3 Bg7 8. Nf3 0-0 9. Be2 Be6 10. b3 d5 11. c5 N6d7 12. b4 b6 13. Rc1 bxc5 14. dxc5 Nc6 15. a3 Nde5 16. Nd4 Qc8 17. 0-0 Rd8 18. b5 Na5 19. c6 Bg4 20. f4 Bxe2 21. Ndxe2 Nac4 22. Bc5 Ng4 23. Nxd5 Qe6 24. Nxe7+ Kh8 25. Qb3 Qxe2 26. Qxc4 Qd2 27. Rc2 Rd4 28. Rxd2 Rxc4 29. c7 Rxc5 30. Rd8+ Bf8 31. Rxa8 Rxc7 32. Rxf8+ Kg7 33. Rg8+ Kh6 34. Nc6 1-0

[Event "FIN-ch op"]
[Site "Naantali"]
[Date "2013.07.02"]
[Round "3"]
[White "Paronen, Petteri"]
[Black "Kangas, Lauri"]
[Result "0-1"]
[WhiteElo "2142"]
[BlackElo "2004"]
[PlyCount "50"]
[EventDate "2013.07.01"]
[EventType "swiss"]
[EventRounds "9"]
[EventCountry "FIN"]
[SourceTitle "EXT 2014"]
[Source "ChessBase"]
[SourceDate "2013.11.20"]
[SourceVersion "1"]
[SourceVersionDate "2013.11.20"]
[SourceQuality "1"]

1. Nf3 Nf6 2. b3 d5 3. Bb2 e6 4. c4 Nbd7 5. g3 b6 6. Bg2 Bb7 7. 0-0 Be7 8. Nc3 0-0 9. Qc2 Rc8 10. d3 c5 11. e4 d4 12. Ne2 e5 13. Bc1 Ne8 14. g4 Nc7 15. Ng3 Ne6 16. Nf5 g6 17. Nxe7+ Qxe7 18. Bh6 Rfe8 19. Kh1 Kh8 20. Rae1 g5 21. h4 f6 22. Kh2 Rg8 23. Rh1 Rg6 24. hxg5 fxg5 25. Kg1 Qf6 0-1

[Event "Jyvaskyla We JyS A"]
[Site "Jyvaskyla"]
[Date "2013.01.26"]
[Round "2"]
[White "Nevanlinna, Risto"]
[Black "Kangas, Lauri"]
[Result "1-0"]
[WhiteElo "2255"]
[BlackElo "2023"]
[PlyCount "47"]
[EventDate "2013.01.25"]
[EventType "swiss"]
[EventRounds "5"]
[EventCountry "FIN"]
[SourceTitle "EXT 2022"]
[Source "ChessBase"]
[SourceDate "2021.10.06"]
[SourceVersion "1"]
[SourceVersionDate "2021.10.06"]
[SourceQuality "1"]

1. Nf3 Nf6 2. c4 g6 3. Nc3 Bg7 4. e4 d6 5. d4 0-0 6. Be2 Nbd7 7. 0-0 e5 8. Re1 exd4 9. Nxd4 Re8 10. f3 a6 11. Be3 Ne5 12. Qd2 Be6 13. Nxe6 Rxe6 14. Rad1 Qe8 15. Bg5 Qc6 16. Nd5 Ne8 17. Rc1 b6 18. f4 Qc5+ 19. Kh1 Nc6 20. Bg4 f5 21. exf5 Rxe1+ 22. Qxe1 Bxb2 23. Qe6+ Kf8 24. f6 1-0

[Event "Hameenlinna We HamSK"]
[Site "Hameenlinna"]
[Date "2013.??.??"]
[Round "1"]
[White "Elomaa, Arto"]
[Black "Kangas, Lauri"]
[Result "1-0"]
[WhiteElo "2056"]
[BlackElo "2023"]
[PlyCount "57"]
[EventDate "2013.??.??"]
[EventType "swiss"]
[EventRounds "5"]
[EventCountry "FIN"]
[SourceTitle "EXT 2022"]
[Source "ChessBase"]
[SourceDate "2021.10.06"]
[SourceVersion "1"]
[SourceVersionDate "2021.10.06"]
[SourceQuality "1"]

1. e4 e6 2. d4 d5 3. Nd2 Nf6 4. e5 Nfd7 5. f4 c5 6. c3 Nc6 7. Ndf3 f6 8. Ne2 Qb6 9. g3 cxd4 10. cxd4 Bb4+ 11. Nc3 0-0 12. a3 Bxc3+ 13. bxc3 fxe5 14. fxe5 Qc7 15. Bd2 Nb6 16. Bd3 g6 17. 0-0 Bd7 18. Bh6 Ne7 19. Bxf8 Rxf8 20. Qd2 Nc4 21. Qh6 Nf5 22. Bxf5 exf5 23. Ng5 Bc8 24. Rf4 Nd2 25. Rh4 Re8 26. Nxh7 Nf3+ 27. Kf2 Nxh4 28. Nf6+ Kf7 29. Qh7+ 1-0

[Event "Helsinki We Garde 9th Group A"]
[Site "Helsinki"]
[Date "2012.09.08"]
[Round "3"]
[White "Syvalahti, Heikki"]
[Black "Kangas, Lauri"]
[Result "1-0"]
[WhiteElo "1909"]
[BlackElo "2043"]
[PlyCount "123"]
[EventDate "2012.09.07"]
[EventType "swiss"]
[EventRounds "5"]
[EventCountry "FIN"]
[SourceTitle "EXT 2022"]
[Source "ChessBase"]
[SourceDate "2021.10.06"]
[SourceVersion "1"]
[SourceVersionDate "2021.10.06"]
[SourceQuality "1"]

1. Nf3 Nf6 2. g3 g6 3. Bg2 Bg7 4. d4 0-0 5. 0-0 d6 6. b3 Nbd7 7. Bb2 e5 8. dxe5 Ng4 9. Nbd2 Ngxe5 10. Nxe5 Nxe5 11. Rb1 Rb8 12. Nf3 Nxf3+ 13. Bxf3 Bxb2 14. Rxb2 Qf6 15. Rb1 Bf5 16. Rc1 Qc3 17. Qe1 Qe5 18. Bg2 Rfe8 19. e3 b6 20. Qb4 d5 21. Rfd1 Rbd8 22. Qd4 Qxd4 23. Rxd4 Be4 24. Rcd1 Bxc2 25. Rc1 c5 26. Rxd5 Rxd5 27. Bxd5 Bf5 28. Rd1 Re7 29. Bc6 Rc7 30. Rd8+ Kg7 31. Bb5 Kf6 32. f3 h5 33. e4 Be6 34. f4 c4 35. e5+ Kf5 36. bxc4 Bxc4 37. Bxc4 Rxc4 38. Rd7 Rc1+ 39. Kg2 Rc2+ 40. Kh3 Ke6 41. Rxa7 b5 42. Ra6+ Ke7 43. a3 Ra2 44. Ra5 Rb2 45. Ra7+ Ke6 46. Rb7 Rb3 47. Rb6+ Ke7 48. Kh4 Rxa3 49. Rxb5 Ra2 50. h3 Ra6 51. g4 hxg4 52. hxg4 Ra7 53. Kg5 Rc7 54. Kh6 Rc4 55. Rb7+ Ke6 56. Kg5 Rc6 57. f5+ Kxe5 58. Re7+ Kd6 59. Rxf7 gxf5 60. Rf6+ Kd7 61. Rxc6 Kxc6 62. gxf5 1-0

[Event "Helsinki We Garde 2nd Group A"]
[Site "Helsinki"]
[Date "2012.08.27"]
[Round "2"]
[White "Ivanov, Sergei A"]
[Black "Kangas, Lauri"]
[Result "1-0"]
[WhiteElo "2356"]
[BlackElo "2043"]
[PlyCount "81"]
[EventDate "2012.08.26"]
[EventType "swiss"]
[EventRounds "5"]
[EventCountry "FIN"]
[SourceTitle "EXT 2022"]
[Source "ChessBase"]
[SourceDate "2021.10.06"]
[SourceVersion "1"]
[SourceVersionDate "2021.10.06"]
[SourceQuality "1"]

1. c4 Nf6 2. Nc3 g6 3. d4 Bg7 4. e4 d6 5. Nf3 0-0 6. h3 Nbd7 7. Be2 e5 8. d5 Nc5 9. Qc2 a5 10. Bg5 h6 11. Be3 b6 12. Nd2 Nh7 13. g4 f5 14. exf5 gxf5 15. 0-0-0 Kh8 16. Rdg1 Qh4 17. Rg2 Bd7 18. Kb1 Rf7 19. f3 Rg8 20. Bf2 Qe7 21. h4 Bf6 22. Be3 f4 23. Bxc5 bxc5 24. Rgh2 e4 25. Ndxe4 Be5 26. Bd3 Nf6 27. g5 Nh5 28. Re1 Rb8 29. Nxc5 dxc5 30. Rhe2 Ng3 31. Rxe5 Qd6 32. Nb5 Qf8 33. Nxc7 Nf5 34. Ne6 Bxe6 35. dxe6 Nd4 36. Qc3 Rfb7 37. e7 Qe8 38. Rxc5 Rxb2+ 39. Qxb2 Rxb2+ 40. Kxb2 Kg7 41. Rc8 1-0